Anagram Challenge #4 - Statistics

General Stats
  • This quiz has been taken 203 times
  • The average score is 17 of 30
Answer Stats
Hint Answer % Correct
Incorrect Wrong
94%
Mature, adult Grown
93%
Pirate's bird Parrot
90%
Limerick, eg. Poem
83%
Sulk, brood Mope
81%
Indian coin Rupee
80%
Baby food, often Puree
77%
Roman numeral M Thousand
75%
Pedicure's target Toenail
69%
Dogs: Cocker ________ Spaniels
68%
Predatory bird Raptor
67%
Houses' upper rooms Attics
54%
Operatic star Diva
53%
Motionless Static
53%
Enthusiastic Avid
52%
Eye leakage Teardrop
50%
Alfresco Outside
48%
Distress-free Painless
47%
Great joy, happiness Elation
45%
Schwarzenegger movie Predator
45%
The Enterprise, eg. Starship
45%
Whip, lash Flog
43%
Tiger's game Golf
43%
Free samples Handouts
42%
Orchestra pluckers Harpists
42%
Lunatic, madman Maniac
37%
Alligator cousin Caiman
35%
Boring, wearying Tedious
33%
Least abundant Sparsest
27%
Wrongful entry; sin Trespass
25%
No matching quizzes found
Score Distribution
Percent of People with Each Score
Percentile by Number Answered
Your Score History
You have not taken this quiz